<?xml version="1.0" encoding="UTF-8"?>
<record
    xmlns:xsi="http://www.w3.org/2001/XMLSchema-instance"
    xsi:schemaLocation="http://www.loc.gov/MARC21/slim http://www.loc.gov/standards/marcxml/schema/MARC21slim.xsd"
    xmlns="http://www.loc.gov/MARC21/slim">

  <leader>008840000a22001930004500</leader>
  <controlfield tag="001">768714001</controlfield>
  <controlfield tag="003">CO-MdFUSB</controlfield>
  <controlfield tag="005">20161123160100.0</controlfield>
  <controlfield tag="008">161123s1997    sp ||||| |||| 00| 0 eng d</controlfield>
  <datafield tag="040" ind1=" " ind2=" ">
    <subfield code="a">CO-MdFUSB</subfield>
    <subfield code="b">spa</subfield>
    <subfield code="c">CO-MdFUSB</subfield>
    <subfield code="d">CO-MdFUSB</subfield>
  </datafield>
  <datafield tag="041" ind1=" " ind2=" ">
    <subfield code="a">eng</subfield>
  </datafield>
  <datafield tag="100" ind1="1" ind2=" ">
    <subfield code="a">Derrett, J. Duncan M. (John Martin) (1922- )</subfield>
    <subfield code="e">autor</subfield>
  </datafield>
  <datafield tag="245" ind1="1" ind2="0">
    <subfield code="a">Light on sparrows and hairs (Mt 10,29-31)</subfield>
  </datafield>
  <datafield tag="300" ind1=" " ind2=" ">
    <subfield code="a">Volumen 55. N&#xFA;mero 3 (1997), P&#xE1;ginas 341-353</subfield>
    <subfield code="c">23 cm.</subfield>
  </datafield>
  <datafield tag="520" ind1=" " ind2=" ">
    <subfield code="a">La introducci&#xF3;n, aparentemente in&#xFA;til y embarazosa, de los gorriones y los cabellos en la gran misi&#xF3;n de Mt 10 se explica por instrucci&#xF3;n de los misioneros para evitar los lazos del cazador, pues cada parte de cada uno es preciosa para el Creador  </subfield>
  </datafield>
  <datafield tag="546" ind1=" " ind2=" ">
    <subfield code="a">Texto en Espa&#xF1;ol</subfield>
  </datafield>
  <datafield tag="773" ind1="0" ind2=" ">
    <subfield code="t">Estudios B&#xED;blicos</subfield>
    <subfield code="0">49452</subfield>
    <subfield code="9">60476</subfield>
    <subfield code="g">Volumen 55. N&#xFA;mero 3 (1997), P&#xE1;ginas 341-353</subfield>
    <subfield code="q">P&#xE1;gina 341</subfield>
  </datafield>
  <datafield tag="942" ind1=" " ind2=" ">
    <subfield code="c">ANA</subfield>
  </datafield>
  <datafield tag="952" ind1=" " ind2=" ">
    <subfield code="0">0</subfield>
    <subfield code="1">0</subfield>
    <subfield code="4">0</subfield>
    <subfield code="7">0</subfield>
    <subfield code="8">HEM</subfield>
    <subfield code="a">FUSBC</subfield>
    <subfield code="b">FUSBC</subfield>
    <subfield code="d">2016-01-26</subfield>
    <subfield code="l">0</subfield>
    <subfield code="o"> </subfield>
    <subfield code="r">2016-01-26 00:00:00</subfield>
    <subfield code="w">2016-01-26</subfield>
    <subfield code="y">ANA</subfield>
  </datafield>
  <datafield tag="999" ind1=" " ind2=" ">
    <subfield code="c">50170</subfield>
    <subfield code="d">50170</subfield>
  </datafield>
</record>
